A textbook of intermediate physics (Record no. 194198)
[ view plain ]
| 000 -LEADER | |
|---|---|
| fixed length control field | 00585 a2200157 4500 |
| 003 - CONTROL NUMBER IDENTIFIER | |
| control field | Nust |
| 005 - DATE AND TIME OF LATEST TRANSACTION | |
| control field | 20221206111051.0 |
| 040 ## - CATALOGING SOURCE | |
| Transcribing agency | Nust |
| 082 ## - DEWEY DECIMAL CLASSIFICATION NUMBER | |
| Classification number | 530, MOO |
| 100 ## - MAIN ENTRY--PERSONAL NAME | |
| Personal name | H. Moore |
| 9 (RLIN) | 104201 |
| 245 ## - TITLE STATEMENT | |
| Title | A textbook of intermediate physics |
| Statement of responsibility, etc. | Moore,H |
| 260 ## - PUBLICATION, DISTRIBUTION, ETC. | |
| Place of publication, distribution, etc. | London |
| Name of publisher, distributor, etc. | Methuen and company ltd |
| Date of publication, distribution, etc. | 1923 |
| 300 ## - PHYSICAL DESCRIPTION | |
| Extent | x: 826p |
| 505 ## - FORMATTED CONTENTS NOTE | |
| Formatted contents note | Part.1- Properties of Mater (Page-17) ,Part.2- Heat (Page-161), Part.3- Sound (Page-303), Part.4- Light (Page-371), Part.5- Magnetism (Page-499), Part.6-Static Electricity (Page-561), Part.7-Current Electricity (Page-623). |
| 942 ## - ADDED ENTRY ELEMENTS (KOHA) | |
| Source of classification or shelving scheme | |
| Koha item type | Book |
| Withdrawn status | Lost status | Source of classification or shelving scheme | Damaged status | Not for loan | Permanent Location | Current Location | Shelving location | Date acquired | Full call number | Barcode | Date last seen | Price effective from | Koha item type | Public note |
|---|---|---|---|---|---|---|---|---|---|---|---|---|---|---|
| Military College of Signals (MCS) | Military College of Signals (MCS) | General Stacks | 12/12/2016 | 530, MOO | MCS6170 | 12/08/2016 | 12/12/2016 | Book | Almirah No.15, Shelf No.3 |
